Una campaña entomológica en el Sus / (Record no. 174214)
[ view plain ]
| 000 -LEADER | |
|---|---|
| campo de control de longitud fija | 01505namaa2200313 i 4500 |
| 001 - NÚMERO DE CONTROL | |
| campo de control | 174214 |
| 003 - IDENTIFICADOR DE NÚMERO DE CONTROL | |
| campo de control | ES-MaACL |
| 005 - FECHA Y HORA DE LA ÚLTIMA TRANSACCIÓN | |
| campo de control | 20260211101649.0 |
| 008 - DATOS DE LONGITUD FIJA--INFORMACIÓN GENERAL | |
| campo de control de longitud fija | 100303s1913 sp | |||| ||spa d |
| 080 ## - NÚMERO DE LA CLASIFICACIÓN DECIMAL UNIVERSAL | |
| Número de la Clasificación Decimal Universal | 595.76(64 Sus) |
| 080 ## - NÚMERO DE LA CLASIFICACIÓN DECIMAL UNIVERSAL | |
| Número de la Clasificación Decimal Universal | 913(64 Sus) |
| 100 1# - ENTRADA PRINCIPAL--NOMBRE DE PERSONA | |
| Nombre de persona | Martínez de la Escalera, Fernando. |
| 9 (RLIN) | 142314 |
| 245 14 - MENCIÓN DEL TÍTULO | |
| Título | Una campaña entomológica en el Sus / |
| Mención de responsabilidad, etc. | por Fernando M. de la Escalera . |
| Resto del título | Descripción de los coleópteros recogidos en ella / por Manuel Martínez de la Escalera. |
| 260 ## - PUBLICACIÓN, DISTRIBUCIÓN, ETC. | |
| Lugar de publicación, distribución, etc. | Madrid : |
| Nombre del editor, distribuidor, etc. | [Museo de Ciencias Naturales], |
| Fecha de publicación, distribución, etc. | 1913. |
| 300 ## - DESCRIPCIÓN FÍSICA | |
| Extensión | 56 p. ; |
| Dimensiones | 23 cm. |
| 490 1# - MENCIÓN DE SERIE | |
| Mención de serie | Trabajos del Museo de Ciencias Naturales. Serie zoológica ; |
| Designación de volumen o secuencia | 8 |
| 530 ## - NOTA DISPONIBLE DE FORMULARIO FÍSICO ADICIONAL | |
| Nota de formato físico adicional disponible | Disponible en formato digital. |
| 594 ## - Nota al título y mención de responsabilidad | |
| Nota al título y mención de responsabilidad | Precede al tít.: Junta de Ampliación de Estudios e Investigaciones Científicas. Instituto Nacional de Ciencias Físico-Naturales. |
| 650 #4 - PUNTO DE ACCESO ADICIONAL DE MATERIA--TÉRMINO DE MATERIA | |
| Término de materia o nombre geográfico como elemento de entrada | Coleópteros- |
| Subdivisión geográfica | Marruecos. |
| 9 (RLIN) | 142317 |
| 651 #4 - PUNTO DE ACCESO ADICIONAL DE MATERIA--NOMBRE GEOGRÁFICO | |
| Nombre geográfico | Marruecos- |
| Subdivisión general | Descripción. |
| 9 (RLIN) | 9025 |
| 700 1# - ENTRADA AGREGADA--NOMBRE PERSONAL | |
| Nombre de persona | Martínez de la Escalera, Manuel. |
| 9 (RLIN) | 142315 |
| 710 2# - ENTRADA AGREGADA--NOMBRE DE ENTIDAD CORPORATIVA | |
| Nombre de entidad corporativa o nombre de jurisdicción como elemento de entrada | Instituto Nacional de Ciencias Físico-Naturales. |
| 9 (RLIN) | 5145 |
| 710 2# - ENTRADA AGREGADA--NOMBRE DE ENTIDAD CORPORATIVA | |
| Nombre de entidad corporativa o nombre de jurisdicción como elemento de entrada | Museo Nacional de Ciencias Naturales (España) |
| 9 (RLIN) | 5897 |
| 830 10 - PUNTO DE ACCESO ADICIONAL DE SERIE-TÍTULO UNIFORME | |
| Título uniforme | Trabajos del Museo Nacional de Ciencias Naturales. |
| Nombre de parte o sección de la obra | Serie zoológica |
| Designación de volumen o secuencia | 8 |
| 9 (RLIN) | 189348 |
| 852 4# - LOCALIZACIÓN | |
| Ubicación | ES-MaACL |
| Número de control de estantería | B-13147(2) |
| Nota libre | Encuadernado con otras obras |
| Ubicación en estantería | Sala Pardo Bazán |
| 856 4# - LOCALIZACIÓN Y ACCESO ELECTRÓNICOS | |
| Identificador Uniforme de Recursos | <a href="http://simurg.bibliotecas.csic.es/viewer/image/CSIC000245625/1/ ">http://simurg.bibliotecas.csic.es/viewer/image/CSIC000245625/1/ </a> |
| Texto de enlace | Fondos digitalizados del CSIC |
| 942 ## - ELEMENTOS DE ENTRADA SECUNDARIOS (KOHA) | |
| Fuente del sistema de clasificación o colocación | Clasificación decimal universal |
| Estatus retirado | Estado de pérdida | Estado de daño | No para préstamo | Colección | Biblioteca de origen | Biblioteca actual | Ubicación en estantería | Fecha de adquisición | Fuente de adquisición | Total de préstamos | Signatura topográfica completa | Código de barras | Visto por última vez | Precio de reemplazo | Tipo de ítem Koha |
|---|---|---|---|---|---|---|---|---|---|---|---|---|---|---|---|
| Colección digital | Biblioteca del Ateneo de Madrid | Biblioteca del Ateneo de Madrid | Sala Pardo Bazán | 03/03/2010 | B-13147(2) | 1182865 | 23/02/2023 | 23/02/2023 | Libro impreso |
